|
|
|
|
| LEADER |
01041naa a2200217 i 4500 |
| 001 |
acta77626 |
| 005 |
20221205150316.0 |
| 008 |
221205s2021 hu o 1|| hun d |
| 020 |
|
|
|a 978-615-5946-31-8
|
| 040 |
|
|
|a SZTE Egyetemi Kiadványok Repozitórium
|b hun
|
| 041 |
|
|
|a hun
|
| 100 |
1 |
|
|a Szigeti Máté Csaba
|
| 245 |
1 |
0 |
|a Zene határokkal
|h [elektronikus dokumentum] :
|b regionális jegyek az európai kortárs zenében : [absztrakt] /
|c Szigeti Máté Csaba
|
| 260 |
|
|
|a SZTE JGYPK Művelődéstudományi Intézet
|b Szeged
|c 2021
|
| 300 |
|
|
|a 35
|
| 490 |
0 |
|
|a Átmenetek - A globális és helyi kultúrák határán : absztraktok
|
| 650 |
|
4 |
|a Bölcsészettudományok
|
| 650 |
|
4 |
|a Művészetek (művészetek, művészettörténet, előadóművészetek, zene)
|
| 695 |
|
|
|a Zene - kortárs - európai - előadáskivonat, Zeneszerzés - előadáskivonat
|
| 711 |
|
|
|a Átmenetek - A globális és helyi kultúrák határán
|c Szeged
|d 2021. március 12-13.
|
| 856 |
4 |
0 |
|u http://acta.bibl.u-szeged.hu/77626/1/atmenetek_2021_035.pdf
|z Dokumentum-elérés
|